An toàn thông tin

Spremljeno u:
Bibliografski detalji
Glavni autor: Lê, Văn Phùng
Format: Knjiga
Izdano: Hà Nội Thông tin và truyền thông 2018
Teme:
Oznake: Dodaj oznaku
Bez oznaka, Budi prvi tko označuje ovaj zapis!
Thư viện lưu trữ: Trung tâm Học liệu Lê Vũ Hùng, Trường Đại học Đồng Tháp
LEADER 00721pam a22002298a 4500
001 00046424
005 20210219100247.0
008 170512s2001 ||||||Viesd
020 # # |c 99000  |a 9786048029494 
041 0 # |a Vie 
082 1 4 |a 005.8  |b A105T 
100 1 # |a Lê, Văn Phùng 
245 1 0 |a An toàn thông tin  |c Lê Văn Phùng 
260 # # |c 2018  |a Hà Nội  |b Thông tin và truyền thông 
300 # # |a 360tr.  |c 24cm 
653 # # |a An toàn thông tin 
653 # # |a Dữ liệu 
653 # # |a Thuật toán 
653 # # |a Tin học 
852 # # |j KM.0035117  |j KD.0027798  |j KM.0035118 
910 # # |d 19/02/2021 
980 # # |a Trung tâm Học liệu Lê Vũ Hùng, Trường Đại học Đồng Tháp